MARC details
| 000 -CABECERA |
| campo de control de longitud fija |
01212cam a2200289 a 4500 |
| 001 - NÚMERO DE CONTROL |
| campo de control |
000013215 |
| 003 - IDENTIFICADOR DEL NÚMERO DE CONTROL |
| campo de control |
DO-SdBNP |
| 005 - FECHA Y HORA DE LA ÚLTIMA TRANSACCIÓN |
| campo de control |
20251029111028.0 |
| 007 - CAMPO FIJO DE DESCRIPCIÓN FÍSICA--INFORMACIÓN GENERAL |
| campo de control de longitud fija |
ta |
| 008 - DATOS DE LONGITUD FIJA--INFORMACIÓN GENERAL |
| campo de control de longitud fija |
780414s1962 ve 000 0 spa d |
| 035 ## - NÚMERO DE CONTROL DEL SISTEMA |
| Número de control de sistema |
BNPHU |
| 040 ## - FUENTE DE LA CATALOGACIÓN |
| Centro catalogador/agencia de origen |
DO-SdBNP |
| Lengua de catalogación |
spa |
| Centro/agencia transcriptor |
BNPHU |
| 082 ## - NÚMERO DE LA CLASIFICACIÓN DECIMAL DEWEY |
| Número de clasificación |
342.098 |
| Número de documento/Ítem |
C749p |
| 111 1# - ENTRADA PRINCIPAL--NOMBRE DE CONGRESO/REUNIÓN |
| Nombre de congreso/reunión o jurisdicción como elemento de entrada |
Congreso de Academias e Institutos Históricos sobre el Pensamiento Constitucional de Latinoamérica, 1810-1830. |
| Fecha del congreso/reunión |
1961 : |
| Sede del congreso/Lugar de la reunión |
Caracas. |
| 9 (RLIN) |
30329 |
| 245 13 - MENCIÓN DE TÍTULO |
| Título |
El pensamiento constitucional de Latinoamérica, 1810-1830 : |
| Resto del título |
Actas y ponencias. |
| 260 ## - PUBLICACIÓN, DISTRIBUCIÓN, ETC. |
| Lugar de publicación, distribución, etc. |
Caracas : |
| Nombre del editor, distribuidor, etc. |
Academia Nacional de la Historia, |
| Fecha de publicación, distribución, etc. |
1962. |
| 300 ## - DESCRIPCIÓN FÍSICA |
| Extensión |
5 v. ; |
| Dimensiones |
22 cm. |
| 490 1# - MENCIÓN DE SERIE |
| Mención de serie |
Biblioteca de la Academia Nacional de la Historia |
| Designación de volumen o secuencia |
47-51 |
| 500 ## - NOTA GENERAL |
| Nota general |
Sesquicentenario de la independencia. |
| 504 ## - NOTA DE BIBLIOGRAFÍA, ETC. |
| Nota de bibliografía, etc. |
Incluye referencias bibliográficas y notas al pie de la páginas. |
| 650 #4 - PUNTO DE ACCESO ADICIONAL DE MATERIA--TÉRMINO DE MATERIA |
| Término de materia o nombre geográfico como elemento de entrada |
Derecho constitucional |
| Subdivisión de forma |
Congresos |
| Subdivisión geográfica |
América Latina |
| 9 (RLIN) |
30330 |
| 650 #4 - PUNTO DE ACCESO ADICIONAL DE MATERIA--TÉRMINO DE MATERIA |
| Término de materia o nombre geográfico como elemento de entrada |
Historia constitucional |
| Subdivisión de forma |
Congresos |
| Subdivisión geográfica |
América Latina |
| 9 (RLIN) |
30331 |
| 650 #4 - PUNTO DE ACCESO ADICIONAL DE MATERIA--TÉRMINO DE MATERIA |
| Término de materia o nombre geográfico como elemento de entrada |
Ciencia política |
| 9 (RLIN) |
5772 |
| 710 2# - PUNTO DE ACCESO ADICIONAL--NOMBRE DE ENTIDAD CORPORATIVA |
| Nombre de entidad corporativa o nombre de jurisdicción como elemento de entrada |
Academia Nacional de la Historia (Venezuela) |
| 9 (RLIN) |
18184 |
| 830 #0 - PUNTO DE ACCESO ADICIONAL DE SERIE-TÍTULO UNIFORME |
| Título uniforme |
Biblioteca de la Academia Nacional de la Historia ; |
| Designación de volumen o secuencia |
47-51 |
| 9 (RLIN) |
29982 |
| 942 ## - ELEMENTOS DE PUNTO DE ACCESO ADICIONAL (KOHA) |
| Fuente del sistema de clasificación o colocación |
Dewey Decimal Classification |
| Tipo de ítem Koha |
Libro |